| 000 | 00769nam a2200253 a 4500 | ||
|---|---|---|---|
| 001 | 000003468 | ||
| 003 | DO-SdBNP | ||
| 005 | 20240412074201.0 | ||
| 007 | ta | ||
| 008 | 090709s2008 dr r 000 0 spa d | ||
| 020 | _a9789945452082 | ||
| 040 |
_aDO-SdBNP _bspa _cBNPHU |
||
| 082 | 4 |
_222 _aRD861.44 _bC352v |
|
| 100 | 1 |
_aCastillo Juan, Pedro, _d1950- _910799 |
|
| 245 | 1 | 0 |
_aVivencias y poemas / _cPedro Castillo Juan. |
| 260 |
_aSanto Domingo : _b[s.n.]., _c2008. |
||
| 300 |
_a36 p. ; _c21 cm. |
||
| 500 | _aIncluye datos biográficos del autor en la solapa de la cubierta | ||
| 590 | _aInventariado, 2018/BT | ||
| 650 | 1 | 4 |
_aPoesÃa dominicana _966 |
| 650 | 1 | 0 |
_aLiteratura dominicana. _967 |
| 910 | _aValidado. Control de calidad. MMOLINA | ||
| 942 |
_2ddc _cLBS1 |
||
| 999 |
_c3297 _d3297 |
||